| 000 | 00824cab a2200229 4500 | ||
|---|---|---|---|
| 001 | WB3239-51 | ||
| 008 | 090401t1996 xxu||||| |||| 00| 0 eng d | ||
| 035 | _a(Sirsi) u27605 | ||
| 041 | _aeng | ||
| 245 | _aFewer benefits from BS5750 | ||
| 260 | _c1996 | ||
| 350 | _a0 | ||
| 490 |
_aBuilding _v261(7962) 18 October 1996, 11(1) |
||
| 520 | _aFirms are getting fewer benefits than expected from the quality management certificate BS5750, according to a report "Quality management in construction - survey of experiences with BS5750" by the Construction Industry Research and Information Association. | ||
| 650 | _aBS 5750 | ||
| 650 | _aCIRIA | ||
| 650 | _aQUALITY ASSURANCE | ||
| 650 | _aQUALITY MANAGEMENT | ||
| 690 | _aMANAGEMENT-BUSINESS MANAGEMENT-PROFESSIONAL PRACTICE | ||
| 942 | _n0 | ||
| 948 | _c04/03/1997 | ||
| 999 |
_c18587 _d18587 |
||